000 01263cam a22003254a 4500
999 _c11439
_d11439
001 13776482
003 OSt
005 20191231151918.0
008 041109s2005 ii b 001 0 eng
010 _a 2004026668
020 _a0761933433 (hard back)
020 _a780761933434
040 _aDLC
_cDLC
_dDLC
042 _apcc
043 _aa-ii---
050 0 0 _aHC435.2
_b.P626 2005
082 0 0 _a330.954
_222
_bMOO/P
245 0 4 _aThe politics of economic reforms in India /
_ceditor, Jos Mooij.
260 _aNew Delhi ;
_aThousand Oaks, Calif. :
_bSage Publications,
_c2005.
300 _a362 p. ;
_c23 cm.
504 _aIncludes bibliographical references and index.
651 0 _aIndia
_xEconomic policy.
651 0 _aIndia
_xPolitics and government.
700 1 _aMooij, Jos E.
_9997
856 4 1 _3Table of contents only
_uhttp://www.loc.gov/catdir/toc/ecip053/2004026668.html
856 4 2 _3Publisher description
_uhttp://www.loc.gov/catdir/enhancements/fy0658/2004026668-d.html
906 _a7
_bcbc
_corignew
_d1
_eecip
_f20
_gy-gencatlg
942 _2ddc
_cBK
_h330.954
_iMOO/P
_k330.954
_mMOO/P